Star Wars Jedi: Survivor A-Z - Statistics

General Stats
  • This quiz has been taken 201 times
  • The average score is 12 of 22
Answer Stats
Letter Hint Answe % Correct
B Former Jedi working for the Empire in secret to protect his daughter Bode Akuna
87%
C A Jedi Knight, who mentored Padawan Cal Kestis in the ways of the Force during the rise of the Galactic Empire Cere Junda
86%
D A former Jedi Master during the High Republic Era kept alive in a bacta tank for two centuries Dagan Gera
83%
J A small desert moon Jedha
79%
R The name of a brave scout trooper also known as "The Door Technician" Rick
79%
K A planet with a rugged, rocky cliff environment Koboh
77%
Z A droid who served Jedi Master Santari Khri during the High Republic Era ZN-A4
71%
T A peaceful planet located within the Koboh Abyss Tanalorr
69%
F A variant of stormtrooper equipped with incendiary weapons Flametrooper
68%
P A cantina owned and operated by Greez Dritus Pyloon's Saloon
57%
H An underground network that worked to shelter Jedi and other Force-sensitives from the Galactic Empire Hidden Path
54%
A Religious hermits who were helping rebuild the Jedi Archives Anchorite
53%
S A Sakavian and a master fisherman Skoova Stev
51%
V A stronger and more ferocious subspecies of bilemaw {Vile} Bilemaw
45%
N Bipedal avians that Cal Kestis is able to tame and ride Nekko
43%
G The leader of the Bedlam Raiders, Rayvis, is a member of this sentient species made of regenerative tentacles Gen'Dai
39%
M A predatory and carnivorous mammalian species that resemble wampas Mogu
32%
L A human male commander in the Galactic Empire who served as a Chief supervisor for the Imperial Security Bureau Lank Denvik
25%
I Located on the Imperial base of Nova Garon, these enemies are responsible for galactic security ISB Agent
19%
W An interior designer from Coruscant who was stuck in the viscid bog, after having her datapad stolen by local wildlife Wini Eres
19%
U A smasher in the Bedlam Raiders personally trained by Rayvis, known as the Fist of Rayvis Urgost
17%
E A custom-modified Droideka modified to have enhanced offensive capabilities and heightened belligerence algorithms E3-VE3
9%
No matching quizzes found
Score Distribution
Percent of People with Each Score
Percentile by Number Answered
Your Score History
You have not taken this quiz